[Event "CZE-chT2F 1920"]
[Site "Czech Republic"]
[Date "2020.01.12"]
[Round "6.8"]
[White "Milian, Milan"]
[Black "Nytra, Petr"]
[Result "1/2-1/2"]
[WhiteElo "1862"]
[BlackElo "1952"]
[PlyCount "76"]
[EventDate "2019.10.13"]
[EventType "team-tourn"]
[EventRounds "11"]
[EventCountry "CZE"]
[SourceTitle "EXT 2024"]
[Source "ChessBase"]
[SourceDate "2023.10.10"]
[SourceVersion "1"]
[SourceVersionDate "2023.10.10"]
[SourceQuality "1"]
[WhiteTeam "Vrbno pod Pradedem"]
[BlackTeam "Orlova Slavia II"]
[WhiteTeamCountry "CZE"]
[BlackTeamCountry "CZE"]

1. d4 Nf6 2. Nf3 c5 3. c4 cxd4 4. Nxd4 e5 5. Nc2 d5 6. cxd5 Qxd5 7. Qxd5 Nxd5 8. e4 Nb4 9. Nxb4 Bxb4+ 10. Bd2 Nc6 11. Bb5 0-0 12. Bxc6 Bxd2+ 13. Nxd2 bxc6 14. Rc1 Be6 15. Nc4 Rab8 16. b3 Rb4 17. 0-0 Bxc4 18. Rxc4 Rxc4 19. bxc4 Rd8 20. Rb1 g6 21. Kf1 Rd2 22. Rb7 Rxa2 23. Rc7 a5 24. Rxc6 a4 25. Ra6 a3 26. c5 Kf8 27. Ra7 Ra1+ 28. Ke2 a2 29. Kf3 f5 30. exf5 gxf5 31. c6 Ke8 32. Ra8+ Ke7 33. c7 Rc1 34. Rxa2 Rc3+ 35. Ke2 Rxc7 36. g3 Kf6 37. f3 f4 38. Kf2 Kg5 1/2-1/2

[Event "CZE-chT2F 1213"]
[Site "Czech Republic"]
[Date "2013.02.17"]
[Round "9.67"]
[White "Milian, Milan"]
[Black "Fargac, Martin"]
[Result "0-1"]
[WhiteElo "1870"]
[BlackElo "2069"]
[PlyCount "53"]
[EventDate "2012.10.14"]
[EventType "team-tourn"]
[EventRounds "11"]
[EventCountry "CZE"]
[SourceTitle "EXT 2016"]
[Source "ChessBase"]
[SourceDate "2015.10.08"]
[SourceVersion "1"]
[SourceVersionDate "2015.10.08"]
[SourceQuality "1"]
[WhiteTeam "Albrechtice"]
[BlackTeam "Trinec II"]
[WhiteTeamCountry "CZE"]
[BlackTeamCountry "CZE"]

1. e4 e5 2. d4 exd4 3. Qxd4 Nc6 4. Qe3 d6 5. Bd2 Nf6 6. Nc3 g6 7. 0-0-0 Bg7 8. Nd5 0-0 9. Bc3 Re8 10. Nxf6+ Bxf6 11. Bxf6 Qxf6 12. Bc4 Be6 13. Bxe6 Qxe6 14. f3 Qxa2 15. Ne2 Ne5 16. b3 d5 17. Rhe1 dxe4 18. Rd4 Qa1+ 19. Kd2 Qa5+ 20. b4 Qa6 21. Qb3 exf3 22. gxf3 Rad8 23. Rxd8 Rxd8+ 24. Ke3 Qb6+ 25. Kf4 Qf2 26. Qe3 g5+ 27. Kf5 0-1

[Event "CZE-chT2F 1213"]
[Site "Czech Republic"]
[Date "2012.12.16"]
[Round "5.58"]
[White "Milian, Milan"]
[Black "Valencik, Jozef"]
[Result "1/2-1/2"]
[WhiteElo "1870"]
[BlackElo "1902"]
[PlyCount "52"]
[EventDate "2012.10.14"]
[EventType "team-tourn"]
[EventRounds "11"]
[EventCountry "CZE"]
[SourceTitle "EXT 2016"]
[Source "ChessBase"]
[SourceDate "2015.10.08"]
[SourceVersion "1"]
[SourceVersionDate "2015.10.08"]
[SourceQuality "1"]
[WhiteTeam "Albrechtice"]
[BlackTeam "Havirov Slovan"]
[WhiteTeamCountry "CZE"]
[BlackTeamCountry "CZE"]

1. d4 d5 2. c4 e6 3. Nf3 c5 4. Nc3 Nc6 5. Bf4 a6 6. cxd5 exd5 7. e3 Nf6 8. Be2 Be7 9. 0-0 0-0 10. a3 Bg4 11. dxc5 Bxc5 12. b4 Ba7 13. Nd4 Bxe2 14. Ncxe2 Nxd4 15. Nxd4 Rc8 16. Qd3 Ne4 17. Rac1 Qd7 18. Nf3 Rfd8 19. h3 Qe6 20. Rxc8 Rxc8 21. Rd1 Nf6 22. Be5 Rd8 23. Bc7 Rc8 24. Be5 Rd8 25. Bc7 Rc8 26. Be5 Rd8 1/2-1/2

[Event "Rychnov op"]
[Site "Rychnov nad Kneznou"]
[Date "2010.08.27"]
[Round "5"]
[White "Wiedermann, Jan"]
[Black "Milian, Milan"]
[Result "0-1"]
[WhiteElo "1765"]
[BlackElo "1863"]
[PlyCount "72"]
[EventDate "2010.08.23"]
[EventType "swiss"]
[EventRounds "7"]
[EventCountry "CZE"]
[SourceTitle "CBM 138 Extra"]
[Source "ChessBase"]
[SourceDate "2010.10.29"]
[SourceVersion "1"]
[SourceVersionDate "2010.10.29"]
[SourceQuality "1"]

1. d4 d5 2. c4 e6 3. Nc3 Nf6 4. Nf3 Nbd7 5. e3 c6 6. a3 Be7 7. cxd5 exd5 8. Be2 0-0 9. 0-0 Re8 10. Qc2 Bd6 11. h3 Nf8 12. Bd3 Qe7 13. Bd2 Ne4 14. Rae1 f5 15. Ne2 Ng6 16. Nf4 Qf6 17. Nh5 Qf7 18. Nf4 Bd7 19. Bc1 Rad8 20. Qd1 Bc8 21. Bxe4 fxe4 22. Ng5 Qf5 23. Qh5 Nxf4 24. exf4 h6 25. g4 Qf6 26. f5 Bxf5 27. gxf5 Qxf5 28. f3 e3 29. Bxe3 hxg5 30. Bxg5 Rxe1 31. Rxe1 Rf8 32. Rf1 Bf4 33. h4 Be3+ 34. Kg2 Bxd4 35. b4 Qc2+ 36. Kh3 Qe2 0-1

[Event "CZE-chT2F 0910"]
[Site "Czech Republic"]
[Date "2010.03.14"]
[Round "9.8"]
[White "Milian, Milan"]
[Black "Miturova, Magdalena"]
[Result "0-1"]
[WhiteElo "1880"]
[BlackElo "1982"]
[PlyCount "44"]
[EventDate "2009.10.18"]
[EventType "team-tourn"]
[EventRounds "11"]
[EventCountry "CZE"]
[SourceTitle "EXT 2012"]
[Source "ChessBase"]
[SourceDate "2011.11.24"]
[SourceVersion "1"]
[SourceVersionDate "2011.11.24"]
[SourceQuality "1"]
[WhiteTeam "Bruntal"]
[BlackTeam "Frydek Mistek II"]
[WhiteTeamCountry "CZE"]
[BlackTeamCountry "CZE"]

1. e4 e5 2. d4 exd4 3. Qxd4 Nc6 4. Qe3 Nf6 5. Bd2 Be7 6. Nc3 d6 7. 0-0-0 0-0 8. f4 Re8 9. Nf3 Bf8 10. Bb5 a6 11. Bxc6 bxc6 12. Rhe1 Rb8 13. h3 d5 14. e5 Nd7 15. Qf2 Nb6 16. Nd4 Bd7 17. Nb1 c5 18. Nb3 Na4 19. f5 c4 20. Nd4 Rxb2 21. Nc3 Qb8 22. e6 Rb1+ 0-1

[Event "Moravia-Silesia Region-chT 0708"]
[Site "Czech Republic"]
[Date "2008.03.30"]
[Round "10.6"]
[White "Tchur, Pavel"]
[Black "Milian, Milan"]
[Result "0-1"]
[WhiteElo "1941"]
[BlackElo "1919"]
[PlyCount "50"]
[EventDate "2007.10.28"]
[EventType "team-tourn"]
[EventRounds "11"]
[EventCountry "CZE"]
[SourceTitle "EXT 2024"]
[Source "ChessBase"]
[SourceDate "2023.10.10"]
[SourceVersion "1"]
[SourceVersionDate "2023.10.10"]
[SourceQuality "1"]

1. c4 Nf6 2. d4 e6 3. Nf3 d5 4. e3 c6 5. Nbd2 Nbd7 6. Bd3 Bd6 7. 0-0 0-0 8. a3 e5 9. cxd5 cxd5 10. dxe5 Nxe5 11. Nxe5 Bxe5 12. Nf3 Bg4 13. h3 Bxf3 14. Qxf3 Qe7 15. Rb1 Rad8 16. Bd2 Ne4 17. Bb4 Bd6 18. Bxd6 Rxd6 19. Rfd1 Rf6 20. Qh5 g6 21. Qxd5 Nxf2 22. e4 Nxd1 23. Rxd1 Rd8 24. Qa5 Rfd6 25. Qb4 Qd7 0-1

[Event "Moravia-Silesia Region-chT 0708"]
[Site "Czech Republic"]
[Date "2008.03.09"]
[Round "9.5"]
[White "Sindler, Michal"]
[Black "Milian, Milan"]
[Result "1-0"]
[WhiteElo "2148"]
[BlackElo "1919"]
[PlyCount "115"]
[EventDate "2007.10.28"]
[EventType "team-tourn"]
[EventRounds "11"]
[EventCountry "CZE"]
[SourceTitle "EXT 2024"]
[Source "ChessBase"]
[SourceDate "2023.10.10"]
[SourceVersion "1"]
[SourceVersionDate "2023.10.10"]
[SourceQuality "1"]

1. e4 c6 2. Nc3 d5 3. Nf3 Bg4 4. h3 Bxf3 5. Qxf3 dxe4 6. Nxe4 Nd7 7. d4 Ngf6 8. Nxf6+ Nxf6 9. c3 e6 10. Bd3 Qd5 11. Qxd5 Nxd5 12. Bd2 Be7 13. 0-0-0 0-0-0 14. a3 h6 15. Rhe1 Bf6 16. Kc2 Rhe8 17. Be4 Nb6 18. Bf4 Nd7 19. Re2 e5 20. dxe5 Bxe5 21. Bf5 f6 22. Rde1 Kc7 23. Bxd7 Rxd7 24. Bxe5+ Rxe5 25. Rxe5 fxe5 26. Rxe5 Kd6 27. Re4 Rf7 28. f3 Kd5 29. Kd3 c5 30. c4+ Kd6 31. f4 b6 32. Ke3 a6 33. g4 b5 34. Kd3 g6 35. b3 Rf6 36. Kc3 Kc6 37. cxb5+ axb5 38. f5 gxf5 39. Rf4 Kd6 40. Rxf5 Re6 41. Kd3 Kc6 42. h4 c4+ 43. bxc4 bxc4+ 44. Kd4 Rg6 45. g5 hxg5 46. hxg5 Rg8 47. a4 Kb6 48. Kxc4 Rh8 49. Kd5 Rh4 50. a5+ Kxa5 51. Ke6+ Kb6 52. g6 Rg4 53. Kf7 Kc7 54. g7 Kd7 55. Rf6 Rg2 56. g8Q Rxg8 57. Kxg8 Ke7 58. Kg7 1-0